Besiktas players since 2000 - Statistics

General Stats
  • This quiz has been taken 13 times
  • The average score is 113 of 307
Answer Stats
Ranking Player Positions Nationality Matches Goals Assists Periods % Correct
13 Domagoj Vida CB 137 15 1 2017-2022
100%
3 Atiba Hutchinson DM 270 24 36 2013-2023
90%
8 Ricardo Quaresma RW 148 21 52 2010-2011, 2015-2020
90%
47 Arthur Masuaku LB 82 2 14 2022-2025
80%
51 Burak Yılmaz ST 79 30 9 2006-2007, 2018-2020
80%
30 Gedson Fernandes CM 96 13 10 2022-2025
80%
17 Gökhan Gönül RB 113 8 12 2016-2020
80%
42 Manuel Fernandes AM 86 15 29 2010-2014
80%
113 Rafa Silva CF 35 12 6 2024-2025
80%
85 Rıdvan Yılmaz LB 52 4 7 2018-2022
80%
34 Vincent Aboubakar ST 91 45 12 2016-2017, 2020-2021, 2022-2024
80%
10 Bobô ST 144 57 22 2005-2011
70%
41 Caner Erkin LB 87 4 22 2016-2020
70%
6 Cenk Tosun ST 165 65 24 2014-2017, 2020-2021, 2022-2024
70%
132 Ciro Immobile ST 30 15 4 2024-2025
70%
45 Cyle Larin ST 83 31 7 2017-2018, 2020-2022
70%
130 Demba Ba ST 31 19 5 2014-2015, 2016-2017
70%
16 Gökhan Töre RW 117 15 20 2013-2015, 2017-2018, 2020-2022
70%
233 Kartal Yılmaz DM 9 0 1 2019-2020, 2022-2023
70%
1 Necip Uysal CB 334 4 16 2009-2025
70%
5 Oğuzhan Özyakup CM 226 29 41 2012-2022
70%
53 Adriano LB 78 3 10 2016-2019
60%
84 Andreas Beck RB 52 0 3 2015-2018
60%
26 Fabian Ernst DM 99 7 5 2008-2012
60%
192 Gökhan Inler DM 14 0 1 2016-2017
60%
44 Hugo Almeida ST 85 36 16 2010-2014
60%
2 İbrahim Üzülmez LB 295 7 29 2000-2011
60%
140 João Mário LW 27 5 3 2024-2025
60%
75 Milot Rashica RW 57 8 13 2023-2025
60%
11 Olcay Şahan LW 142 34 26 2012-2017
60%
118 Pepe CB 33 5 2 2017-2019
60%
23 Rachid Ghezzal RW 104 15 30 2020-2024
60%
69 Ryan Babel LW 62 22 11 2016-2019
60%
24 Valentin Rosier RB 103 3 15 2020-2024
60%
19 Veli Kavlak CM 110 6 14 2011-2016
60%
61 Adem Ljajic AM 73 16 22 2018-2021
50%
237 Ajdin Hasic AM 8 2 0 2020-2021
50%
150 Allan McGregor GK 26 0 0 2012-2013
50%
188 Ante Rebić LW 15 0 3 2023-2024
50%
127 Bernard Mensah AM 31 4 1 2020-2021
50%
70 Cenk Gönen GK 60 0 0 2010-2015
50%
176 Daniel Amartey CB 18 0 0 2023-2024
50%
275 Denys Boyko GK 3 0 0 2015-2016
50%
280 Erkan Zengin LW 2 0 0 2008-2009
50%
33 Ersan Gülüm CB 94 2 2 2010-2016
50%
29 Ersin Destanoğlu GK 97 0 0 2019-2025
50%
12 Filip Holosko RW 140 40 23 2007-2014
50%
32 Georges-Kevin N'Koudou LW 94 19 5 2019-2023
50%
165 Guti CM 23 7 7 2010-2012
50%
4 İbrahim Toraman CB 236 19 9 2004-2014
50%
21 İsmail Köybaşı LM 106 2 11 2009-2011, 2013-2016
50%
55 Jeremain Lens RW 77 5 10 2017-2021
50%
296 Kadir Ari LW 1 0 0 2012-2013
50%
65 Kerim Frei LW 68 7 4 2013-2017
50%
89 Marcelo CB 46 5 0 2015-2017
50%
121 Mario Gómez ST 33 26 6 2015-2016
50%
46 Matías Delgado AM 83 18 14 2006-2008, 2010-2011
50%
35 Mert Günok GK 91 0 0 2021-2025
50%
171 Miralem Pjanić CM 20 0 2 2021-2022
50%
154 Moatasem Al-Musrati DM 25 1 0 2023-2025
50%
141 Mohamed Elneny DM 27 1 4 2019-2020
50%
27 Óscar Córdoba GK 99 0 1 2002-2006
50%
31 Rüştü Reçber GK 96 0 0 2007-2012
50%
72 Semih Kılıçsoy ST 59 14 7 2022-2025
50%
36 Sergen Yalçın AM 91 28 22 2002-2006
50%
195 Shinji Kagawa AM 14 4 2 2018-2019
50%
104 Simão LW 40 8 10 2010-2012
50%
77 Talisca AM 55 27 9 2016-2018
50%
38 Tolga Zengin GK 87 0 1 2013-2016, 2018-2019
50%
7 Tomas Sivok CB 154 15 5 2008-2015
50%
146 Tyler Boyd LW 26 2 1 2019-2020, 2022-2023
50%
126 Abdoulay Diaby RW 31 5 2 2019-2020
40%
223 Adem Dursun CB 10 0 0 2005-2006
40%
52 Ahmed Hassan AM 79 28 12 2003-2006
40%
25 Ahmet Dursun ST 102 35 4 2000-2006
40%
278 Alexander Milosevic CB 2 0 0 2014-2016
40%
108 Alex Oxlade-Chamberlain CM 38 5 1 2023-2025
40%
158 Alex Teixeira CF 24 4 1 2021-2022
40%
82 Ali Güneş CM 53 3 3 2004-2007
40%
62 Ali Tandoğan RB 73 4 9 2005-2009
40%
112 Álvaro Negredo ST 35 9 7 2017-2019
40%
100 Amir Hadziahmetovic DM 41 1 6 2022-2025
40%
76 Antônio Carlos Zago CB 56 2 6 2002-2004
40%
276 Arda Kılıç LW 3 0 0 2023-2025
40%
111 Bakhtiyor Zaynutdinov LB 36 0 0 2023-2025
40%
248 Daniel Opare RB 6 1 0 2014-2015
40%
49 Daniel Pancu ST 80 15 8 2002-2006
40%
197 Dele Alli AM 13 2 0 2022-2023
40%
66 Dusko Tosic CB 66 7 3 2015-2018
40%
131 Egemen Korkmaz CB 31 1 2 2011-2012
40%
196 Emrecan Terzi LB 14 0 1 2023-2025
40%
180 Enzo Roco CB 17 0 0 2018-2020
40%
204 Erhan Güven RB 12 0 1 2009-2011
40%
253 Eric Bailly CB 5 0 0 2023-2024
40%
102 Ernest Muci LW 40 7 3 2023-2025
40%
67 Fabri GK 66 0 0 2016-2018
40%
123 Fabrice N'Sakala LB 33 1 2 2020-2022
40%
169 Gabriel Paulista CB 20 1 1 2024-2025
40%
87 Gary Medel CB 51 1 1 2017-2020
40%
58 Gökhan Zan CB 76 4 2 2003-2004, 2005-2009
40%
43 Güven Yalçın ST 85 18 7 2018-2022
40%
68 İlhan Mansız ST 66 36 11 2001-2004
40%
71 Jackson Muleka ST 60 9 2 2022-2025
40%
120 Javi Montero CB 33 1 1 2020-2023
40%
157 John Carew ST 24 13 2 2004-2005
40%
99 Jonas Svensson RB 41 0 2 2023-2025
40%
73 José Sosa AM 58 12 20 2014-2016
40%
153 Julien Escudé CB 25 2 0 2012-2014
40%
139 Kenan Karaman ST 27 2 2 2021-2023
40%
210 Kevin-Prince Boateng AM 11 3 1 2019-2020
40%
90 Kléberson CM 45 3 4 2005-2007
40%
78 Loris Karius GK 55 0 0 2018-2020
40%
222 Mamadou Niang ST 10 3 2 2012-2013
40%
229 Matej Mitrovic CB 9 0 0 2016-2018
40%
135 Matteo Ferrari CB 30 0 1 2009-2011
40%
136 Mehmet Özdilek AM 28 5 5 2000-2001
40%
15 Mert Nobre ST 127 35 11 2006-2011
40%
119 Michy Batshuayi ST 33 14 5 2021-2022
40%
151 Nathan Redmond RW 25 5 5 2022-2023
40%
97 Okan Buruk RM 43 1 8 2004-2006
40%
117 Omar Colley CB 34 7 0 2022-2025
40%
96 Pascal Nouma ST 43 22 7 2000-2001, 2002-2003
40%
228 Pedro Rebocho LB 9 0 0 2019-2020
40%
162 Rhodolfo CB 23 2 0 2015-2017
40%
57 Roberto Hilbert RB 76 5 7 2010-2013
40%
134 Rodrigo Tabata AM 30 2 10 2009-2011
40%
152 Romain Saïss CB 25 1 2 2022-2023
40%
18 Serdar Kurtuluş RB 111 0 7 2006-2008, 2013-2016
40%
59 Souza CB 75 8 4 2020-2023
40%
9 Tayfur Havutçu DM 145 11 10 2000-2006
40%
37 Tolgay Arslan AM 89 0 11 2014-2019
40%
251 Tomas Jun CF 6 1 0 2005-2006
40%
14 Tümer Metin AM 132 32 35 2001-2006
40%
149 Uğur Boral LM 26 1 2 2012-2015
40%
63 Welinton CB 72 1 2 2020-2023
40%
185 Wout Weghorst ST 16 8 4 2022-2023
40%
116 Yusuf Şimşek AM 35 3 4 2008-2011
40%
201 Adrian Ilie ST 13 6 2 2003-2004
30%
28 Ahmet Yıldırım DM 99 3 7 2001-2005
30%
194 Aílton ST 14 5 0 2005-2006
30%
79 Ali Eren Beşerler RB 54 0 2 2000-2003
30%
211 Amaral DM 11 0 0 2002-2003
30%
272 Anthony Seric LB 3 0 0 2008-2009
30%
290 Aras Özbiliz RW 1 0 0 2016-2017
30%
174 Arild Stavrum ST 18 5 2 2001-2002
30%
170 Atınç Nukan CB 20 1 0 2009-2010, 2014-2015, 2016-2017
30%
182 Ayhan Akman CM 17 2 0 2000-2001
30%
306 Azad Demir LW 1 0 0 2023-2024
30%
106 Baki Mercimek CB 39 0 0 2006-2008
30%
155 Batuhan Karadeniz ST 25 2 2 2007-2008, 2012-2013
30%
265 Bebé LW 3 0 0 2011-2012
30%
101 Çağdaş Atan CB 40 2 0 2004-2006
30%
206 Cher Ndour CM 12 1 2 2024-2025
30%
159 Dmitriy Khlestov RB 24 1 2 2000-2002
30%
255 Douglas RB 5 0 0 2019-2020
30%
80 Édouard Cissé DM 54 2 4 2007-2009
30%
168 Edú ST 21 3 0 2011-2012
30%
39 Ekrem Dag RB 87 5 6 2008-2012
30%
137 Emirhan Topçu CB 28 1 0 2024-2025
30%
124 Emre Aşık CB 32 2 1 2003-2005
30%
220 Emre Özkan CB 10 0 1 2005-2006, 2012-2013
30%
227 Erkan Kaş LB 9 0 0 2012-2013
30%
98 Erman Güraçar CB 43 0 4 2000-2002
30%
264 Fahri Ay CM 4 0 0 2023-2025
30%
189 Fahri Tatan DM 15 0 1 2006-2007
30%
287 Fatih Tekke ST 2 0 0 2010-2011
30%
199 Fazlı Ulusal ST 13 2 0 2000-2001
30%
103 Federico Giunti DM 40 1 4 2002-2004
30%
232 Federico Higuaín AM 9 0 1 2007-2008
30%
147 Felix Uduokhai CB 26 0 0 2024-2025
30%
164 Fevzi Tuncay GK 23 0 0 2000-2002
30%
114 Gökhan Güleç ST 35 8 1 2005-2007
30%
205 Gökhan Süzen LB 12 0 0 2012-2013
30%
231 Gordon Schildenfeld CB 9 0 0 2007-2008
30%
110 Hakan Arıkan GK 36 0 1 2007-2011
30%
234 Hasan Türk CM 8 0 0 2012-2013
30%
56 İbrahim Akın LW 76 13 7 2004-2008
30%
128 İbrahim Kaş CB 31 3 1 2004-2005, 2006-2007, 2009-2010
30%
160 Ike Shorunmu GK 23 0 0 2000-2001
30%
225 Jamal Sellami DM 9 1 0 2000-2001
30%
243 Jean Onana DM 7 0 0 2023-2025
30%
216 Jermaine Jones DM 10 0 0 2013-2014
30%
247 Joe Worrall CB 6 1 0 2023-2024
30%
200 Juanfran LB 13 1 0 2004-2005
30%
208 Keny Arroyo RW 11 1 0 2024-2025
30%
245 Kerem Atakan Kesgin CM 6 0 0 2022-2023
30%
48 Koray Avcı DM 82 1 3 2004-2008
30%
246 Lamine Diatta CB 6 0 0 2007-2008
30%
281 Marius Măldărășanu AM 2 0 0 2002-2003
30%
138 Markus Münch LB 27 2 13 2000-2001
30%
235 Mattias Asper GK 8 0 0 2001-2002
30%
207 Mehmet Akgün CM 11 0 1 2012-2014
30%
212 Mehmet Akyüz ST 11 0 0 2011-2013
30%
129 Mehmet Sedef CB 31 0 0 2004-2008
30%
260 Michael Eneramo ST 4 1 0 2013-2014
30%
115 Michael Fink CB 35 2 3 2009-2011
30%
145 Miroslav Karhan CM 26 2 3 2000-2001
30%
298 Muhayer Oktay CM 1 0 0 2019-2020
30%
94 Mustafa Dogan CB 43 2 1 2004-2007
30%
22 Mustafa Pektemek ST 105 23 9 2011-2015, 2017-2019
30%
190 Nicolas Isimat-Mirin CB 14 0 0 2018-2019
30%
54 Nihat Kahveci ST 78 14 16 2000-2001, 2009-2011
30%
184 Okan Koç RW 17 1 2 2003-2004
30%
81 Onur Bulut RB 53 0 5 2022-2025
30%
266 Orkan Çınar RW 3 0 0 2019-2020
30%
107 Pedro Franco CB 39 1 0 2013-2015
30%
252 Peter Kjaer GK 5 0 0 2001-2002
30%
215 Rahim Zafer DF 11 0 0 2000-2001
30%
172 Ramazan Kurşunlu GK 20 0 0 2003-2005
30%
83 Ramon LB 53 3 6 2013-2016
30%
93 Ricardinho AM 43 8 9 2006-2008
30%
250 Rıdvan Şimşek RB 6 0 0 2009-2011
30%
282 Rıza Şen RM 2 0 0 2005-2006
30%
40 Rodrigo Tello LW 87 15 30 2007-2010
30%
86 Roman Dabrowski RM 52 5 3 2002-2005
30%
20 Ronaldo CB 109 8 3 2001-2005
30%
263 Sead Halilagic CB 4 0 0 2000-2001
30%
64 Serdar Özkan LW 70 4 7 2003-2004, 2007-2010
30%
166 Sinan Kaloğlu ST 22 1 0 2003-2004
30%
268 Sixten Veit DM 3 0 0 2001-2002
30%
202 Souleymane Youla ST 12 1 2 2005-2006
30%
186 Tayfun Korkut RM 16 1 1 2004-2005
30%
198 Thomas Myhre GK 13 0 0 2001-2002
30%
179 Tolga Doğantez CB 17 0 3 2002-2003
30%
133 Tomas Zapotocny CB 30 2 1 2008-2009, 2010-2011
30%
92 Ümit Bozkurt DF 44 1 2 2000-2002
30%
175 Vágner Love ST 18 6 0 2017-2019
30%
125 Vedran Runje GK 32 0 1 2006-2007
30%
143 Veysel Cihan ST 27 5 4 2004-2006
30%
163 Víctor Ruiz CB 23 0 1 2019-2020
30%
60 Yasin Sülün DM 74 5 8 2000-2004
30%
148 Zoubaier Baya AM 26 2 9 2001-2002
30%
209 Alexandru Maxim AM 11 0 0 2022-2023
20%
224 Alexis Ruano CB 10 1 0 2015-2016
20%
244 Ali Cansun Begeçarslan ST 7 2 0 2000-2001, 2002-2004
20%
261 Ali Kucık ST 4 1 0 2010-2011
20%
269 Atakan Üner RW 3 0 0 2020-2021
20%
181 Aydın Karabulut RW 17 1 2 2006-2009
20%
88 Bayram Bektaş CM 51 7 2 2000-2003
20%
259 Berkant Göktan ST 4 2 0 2004-2005
20%
257 Berkay Vardar DM 5 0 0 2022-2023
20%
302 Bülent Uzun LB 1 0 0 2007-2008
20%
256 Burak Kaplan AM 5 0 0 2011-2012
20%
161 Can Bozdogan CM 23 1 1 2021-2022
20%
271 Can Erdem ST 3 0 0 2006-2007
20%
270 Can Keleş RW 3 0 0 2024-2025
20%
277 Cumali Bişi DM 2 0 0 2009-2011
20%
226 Dany Nounkeu CB 9 0 2 2013-2014
20%
167 Demir Ege Tıknaz DM 21 0 1 2023-2024
20%
238 Dentinho ST 8 0 0 2012-2014
20%
295 Doğukan Pala LB 1 0 0 2010-2011
20%
74 Dorukhan Toköz CM 58 3 6 2018-2021
20%
288 Emir Gökçe ST 2 0 0 2007-2008
20%
305 Emirhan Delibaş RW 1 0 0 2023-2024
20%
214 Emirhan İlkhan CM 11 1 0 2021-2022
20%
258 Emre Bilgin GK 5 0 0 2021-2023
20%
262 Emrecan Uzunhan CB 4 0 1 2022-2024
20%
301 Erdem Köse GK 1 0 0 2006-2007
20%
285 Erdoğan Kaya CB 2 0 0 2019-2021
20%
267 Eser Yağmur ST 3 1 1 2002-2003
20%
254 Fatih Aksoy CB 5 0 0 2017-2019
20%
219 Fatih Sonkaya RB 10 0 1 2004-2005
20%
273 Göksel Gencer GK 3 0 0 2002-2003
20%
203 Günay Güvenç GK 12 0 0 2014-2016
20%
304 Halit Güven Kocabal CM 1 0 0 2005-2006
20%
193 İlhan Şahin AM 14 1 1 2000-2002
20%
274 Júlio Alves CM 3 0 0 2011-2012
20%
299 Kenan Özer RW 1 0 0 2005-2006
20%
284 Kerem Kalafat RB 2 0 1 2021-2022
20%
300 Korcan Çelikay GK 1 0 0 2009-2010
20%
291 Kürşat Duymuş CB 1 0 0 2005-2006
20%
297 Marinho CB 1 0 0 2001-2002
20%
303 Mehmet Aksu ST 1 0 0 2001-2002
20%
122 Mehmet Aurélio DM 33 1 1 2010-2012
20%
242 Mehmet Topal DM 7 0 0 2021-2022
20%
240 Mehmet Yozgatlı RW 8 0 0 2007-2008
20%
294 Mertcan Demirer CM 1 0 0 2010-2011
20%
191 Muhammed Demirci AM 14 0 0 2011-2014
20%
230 Murat Alaçayır RM 9 1 1 2000-2001
20%
183 Murat Şahin GK 17 0 0 2004-2007
20%
144 Mustafa Hekimoğlu ST 26 2 2 2023-2025
20%
286 Nail Tilbaç ST 2 0 0 2005-2006
20%
239 Necat Aygün CB 8 0 0 2001-2002
20%
249 Niyazi Güney RB 6 1 0 2002-2003
20%
177 Ömer Şişmanoğlu ST 18 4 0 2013-2014, 2016-2017
20%
241 Onur Bayramoğlu CM 7 0 0 2010-2011
20%
293 Salih Akkaya RM 1 0 0 2000-2001
20%
50 Salih Uçan CM 79 4 13 2021-2025
20%
213 Serdar Saatçı CB 11 1 1 2021-2022
20%
156 Serdar Topraktepe LW 25 5 1 2002-2004
20%
178 Sertan Eser ST 18 1 4 2001-2002
20%
283 Sezer Sezgin LB 2 0 0 2004-2005
20%
218 Sidnei CB 10 2 0 2011-2012
20%
279 Sinan Kurumuş ST 2 0 0 2012-2013
20%
142 Tamer Tuna RM 27 0 6 2001-2003
20%
221 Tanju Kayhan RB 10 0 0 2011-2012
20%
109 Tayfur Bingöl CM 38 2 2 2022-2024
20%
95 Tayyip Talha Sanuç CB 43 2 0 2022-2025
20%
217 Tunç Kip DM 10 1 0 2000-2002
20%
105 Uğur İnceman CM 40 2 0 2008-2010
20%
292 Ümit Atalay LM 1 0 0 2003-2004
20%
187 Ümit Aydın DM 16 1 1 2003-2004
20%
91 Umut Meraş LB 44 0 2 2021-2024
20%
173 Umut Nayir ST 19 4 0 2019-2021
20%
236 Utku Yuvakuran GK 8 0 0 2018-2021
20%
307 Volkan Ekici AM 1 0 0 2010-2011
20%
289 Zafer Demiray RW 1 0 0 2002-2003
20%
No matching quizzes found
Score Distribution
Percent of People with Each Score
Percentile by Number Answered
Your Score History
You have not taken this quiz